| 000 | 00426nam a2200169Ia 4500 | ||
|---|---|---|---|
| 008 | 180207s9999 xx 000 0 und d | ||
| 020 | _a9780375815570 | ||
| 050 | _bP294 2002 | ||
| 245 | _aPat-a-cake and other first baby games / | ||
| 260 | _aNew York : | ||
| 260 | _bRandom House, Inc., | ||
| 260 | _c2002 | ||
| 300 | _aunpaged : | ||
| 300 | _bcolor illustration ; | ||
| 300 | _c21cm. | ||
| 440 | _aSesame Beginnings. | ||
| 999 |
_c355450 _d355450 |
||